00251 a2200109 450000100060000008200170000610000180002324500590004125000060010026000220010630000130012864494 a629.1341 MEG aMegson, T H G aAir craft structures for engineering studentshEnglsih a3 aOxfordbE Hc1999 ax, 590p.